Score 0/30 Timer 03:00
0 Plays Today
% Correct
Cross-country Skiing
98.4%
Rifle Shooting
98%
Fowl
97.7%
Wolf
97.6%
C-3PO
97.2%
R2-D2
97%
Black
95.8%
White
95.1%
To Kill a Mockingbird
94.7%
Sophia
93.6%
Acidic
93.3%
The Yardbirds
92.3%
Remus
92.2%
Romulus
92%
La Paz
90.4%
% Correct
Lexington
89.8%
Liam
87.9%
Six More Weeks of Winter
85.8%
Concord
85.4%
Basic
84.9%
Early Spring
84.6%
Go Set a Watchman
83.7%
Cream
80.2%
Cersei
79.9%
Jaime
77.5%
Ticino
75.7%
André
65.3%
Sucre
55.5%
Firmin
48.8%
Grisons
37.1%
Remove Ads.
Support Sporcle.
Get the best of Sporcle when you Go Orange. This ad-free experience offers more features, more stats, and more fun while also helping to support Sporcle. Thank you for becoming a member.

You're not logged in!

Compare scores with friends on all Sporcle quizzes.
OR
Log In

Sporcle TV

Today on Sporcle TV


Watch our educational content, quiz creation guides, and fun videos on Sporcle TV.

Show Comments

Extras

Top Quizzes Today


Score Distribution

Paid Content

Your Account Isn't Verified!

In order to create a playlist on Sporcle, you need to verify the email address you used during registration. Go to your Sporcle Settings to finish the process.

Report this User

Report this user for behavior that violates our Community Guidelines.

Details: